Kinh điển văn hoá 5000 năm Trung Hoa T.1 T.1

Spremljeno u:
Bibliografski detalji
Glavni autor: Dương Lục
Format: Knjiga
Izdano: Văn hoá thông tin 2002
Oznake: Dodaj oznaku
Bez oznaka, Budi prvi tko označuje ovaj zapis!
Thư viện lưu trữ: Mạng thư viện Đại học Đà Nẵng
LEADER 00679nam a2200229 a 4500
001 000029056
003 13858
005 20171030145630.0
008 171030s2002
020 |c 95000 
040 |a LTT 
082 0 |a 306.09  |b DƯ-L 
100 1 |a Dương Lục 
245 0 0 |a Kinh điển văn hoá 5000 năm Trung Hoa T.1  |c Dương Lục ; Chủ tịch hội đồng dịch thuật: Trần Thị Thanh Liêm ; Hiệu đính: Nguyễn Bích Hằng.  |n T.1 
260 |b Văn hoá thông tin  |c 2002 
OWN |a LTT 
999 |a From the UDN01 
TYP |a Monograph 
TYP |a Printed language 
980 |a Mạng thư viện Đại học Đà Nẵng